[Event "IND-ch 59th"]
[Site "New Delhi"]
[Date "2022.12.25"]
[Round "4"]
[White "Imocha, Laisram"]
[Black "Kushagra, Mohan"]
[Result "0-1"]
[WhiteElo "2054"]
[BlackElo "2390"]
[PlyCount "146"]
[EventDate "2022.12.22"]
[EventType "swiss"]
[EventRounds "13"]
[EventCountry "IND"]
[SourceTitle "CBM 211 Extra"]
[Source "ChessBase"]
[SourceDate "2023.01.31"]
[SourceVersion "1"]
[SourceVersionDate "2023.01.31"]
[SourceQuality "1"]

1. d4 Nf6 2. c4 g6 3. Nf3 Bg7 4. g3 c5 5. Bg2 0-0 6. 0-0 d6 7. Nc3 Nc6 8. h3 cxd4 9. Nxd4 Nxd4 10. Qxd4 Be6 11. Qh4 Rc8 12. b3 Rc5 13. Bf3 Qa5 14. Bb2 g5 15. Qd4 Bxh3 16. Rfd1 Rf5 17. Nd5 Qd8 18. g4 Rxd5 19. cxd5 Qd7 20. Qe3 h6 21. Bxf6 Bxf6 22. Rac1 Bxg4 23. Rc4 Bxf3 24. Qxf3 Rc8 25. Rdc1 Rxc4 26. Rxc4 Kg7 27. Kg2 Be5 28. Qh3 Qb5 29. e4 Qa5 30. Rc1 Qb4 31. Qf3 a5 32. Rh1 Bf4 33. Qe2 Qd4 34. Rd1 Qf6 35. Qh5 Qe5 36. Re1 b5 37. Qe2 Qc3 38. Rh1 b4 39. Qh5 Qf6 40. Rh3 Kh7 41. Rh1 Kg7 42. Rh3 Be5 43. Rh1 Bd4 44. Qf3 Qxf3+ 45. Kxf3 Kg6 46. Rc1 Bc3 47. Rc2 h5 48. a3 g4+ 49. Kg2 Kg5 50. axb4 axb4 51. Ra2 Kf4 52. Ra7 Bf6 53. Rb7 h4 54. Rxb4 h3+ 55. Kg1 Kf3 56. Ra4 Be5 57. Rc4 h2+ 58. Kh1 Kxf2 59. b4 g3 60. Rc2+ Kf3 61. b5 Bd4 62. Rd2 Bf2 63. Rd3+ Kxe4 64. Rb3 Kxd5 65. b6 Bxb6 66. Rxb6 f5 67. Rb4 e5 68. Ra4 f4 69. Rb4 Ke6 70. Rb8 d5 71. Rb4 d4 72. Rb5 d3 73. Rb3 e4 0-1

[Event "IND-ch 59th"]
[Site "New Delhi"]
[Date "2022.12.23"]
[Round "2"]
[White "Imocha, Laisram"]
[Black "Singh, Ojasva"]
[Result "1/2-1/2"]
[WhiteElo "2054"]
[BlackElo "2366"]
[PlyCount "64"]
[EventDate "2022.12.22"]
[EventType "swiss"]
[EventRounds "13"]
[EventCountry "IND"]
[SourceTitle "CBM 211 Extra"]
[Source "ChessBase"]
[SourceDate "2023.01.31"]
[SourceVersion "1"]
[SourceVersionDate "2023.01.31"]
[SourceQuality "1"]

1. d4 d5 2. c4 c6 3. Nc3 Nf6 4. Nf3 e6 5. e3 Nbd7 6. Bd3 dxc4 7. Bxc4 b5 8. Bd3 Bb7 9. 0-0 a6 10. Qe2 c5 11. Rd1 Qb6 12. b3 cxd4 13. exd4 Bb4 14. Bd2 Rc8 15. Ne4 Bxd2 16. Nexd2 0-0 17. h3 Nd5 18. Qe4 N7f6 19. Qh4 h6 20. Ne4 Nxe4 21. Bxe4 Nc3 22. Bxb7 Qxb7 23. Re1 Rc7 24. Ne5 Qd5 25. Re3 Rd8 26. Nxf7 Rxf7 27. Rxc3 Qxd4 28. Qxd4 Rxd4 29. Rc2 Rfd7 30. Re1 Kf7 31. Ree2 h5 32. g3 Kf6 1/2-1/2

[Event "Guwahati op 1st"]
[Site "Guwahati"]
[Date "2022.03.18"]
[Round "8"]
[White "Imocha, Laisram"]
[Black "Gusain, Himal"]
[Result "0-1"]
[WhiteElo "2049"]
[BlackElo "2408"]
[PlyCount "70"]
[EventDate "2022.03.14"]
[EventType "swiss"]
[EventRounds "10"]
[EventCountry "IND"]
[SourceTitle "CBM 207 Extra"]
[Source "ChessBase"]
[SourceDate "2022.05.31"]
[SourceVersion "1"]
[SourceVersionDate "2022.05.31"]
[SourceQuality "1"]

1. d4 Nf6 2. Nf3 e6 3. c4 c5 4. d5 exd5 5. cxd5 g6 6. g3 Bg7 7. Bg2 d6 8. Nc3 0-0 9. 0-0 Na6 10. Nd2 Rb8 11. e4 Ne8 12. a4 Nb4 13. Nc4 a6 14. a5 Bd7 15. Nb6 Nc7 16. Bg5 f6 17. Bf4 Bb5 18. Nxb5 Nxb5 19. Bd2 f5 20. exf5 gxf5 21. Bxb4 cxb4 22. Qd2 Bd4 23. Nc4 f4 24. gxf4 Rc8 25. Qd3 Rc7 26. Kh1 Rcf7 27. Rae1 Rxf4 28. Qg3+ Kh8 29. Re6 Bxf2 30. Rxf2 Rxf2 31. Nxd6 Nxd6 32. Rxd6 Qe7 33. Re6 Qg7 34. Qxg7+ Kxg7 35. d6 Rxb2 0-1

[Event "Guwahati op 1st"]
[Site "Guwahati"]
[Date "2022.03.17"]
[Round "6"]
[White "Fawzy, Adham"]
[Black "Imocha, Laisram"]
[Result "1-0"]
[WhiteElo "2490"]
[BlackElo "2049"]
[PlyCount "57"]
[EventDate "2022.03.14"]
[EventType "swiss"]
[EventRounds "10"]
[EventCountry "IND"]
[SourceTitle "CBM 207 Extra"]
[Source "ChessBase"]
[SourceDate "2022.05.31"]
[SourceVersion "1"]
[SourceVersionDate "2022.05.31"]
[SourceQuality "1"]

1. e4 e6 2. d4 d5 3. Nc3 Bb4 4. exd5 exd5 5. Bd3 Ne7 6. Qf3 Nbc6 7. Nge2 Be6 8. Qg3 Kf8 9. a3 Ba5 10. Be3 a6 11. b4 Bb6 12. Qf3 Qd7 13. h3 Re8 14. g4 Nc8 15. 0-0-0 Nd8 16. Nf4 c6 17. Nh5 f6 18. Na4 Qf7 19. Rhe1 Ba7 20. Nc5 Bxc5 21. dxc5 Bd7 22. Qg3 Ne6 23. f4 g6 24. f5 Ng7 25. fxg6 hxg6 26. Nf4 Ne7 27. Bd4 Ne6 28. Nxe6+ Bxe6 29. Qd6 1-0

[Event "New Delhi Parsvnath op 13th"]
[Site "New Delhi"]
[Date "2015.01.16"]
[Round "10"]
[White "Harini, S."]
[Black "Imocha, Laisram"]
[Result "1/2-1/2"]
[WhiteElo "2046"]
[BlackElo "2179"]
[PlyCount "120"]
[EventDate "2015.01.09"]
[EventType "tourn"]
[EventRounds "10"]
[EventCountry "IND"]
[SourceTitle "CBM 164 Extra"]
[Source "ChessBase"]
[SourceDate "2015.03.02"]
[SourceVersion "1"]
[SourceVersionDate "2015.03.02"]
[SourceQuality "1"]

1. e4 e5 2. Nf3 Nc6 3. Bb5 a6 4. Ba4 Nf6 5. 0-0 Be7 6. Re1 b5 7. Bb3 d6 8. c3 0-0 9. h3 h6 10. d4 Re8 11. Nbd2 Bf8 12. Nf1 Bb7 13. Ng3 Na5 14. Bc2 g6 15. a4 Bg7 16. axb5 axb5 17. dxe5 dxe5 18. Qxd8 Rexd8 19. Nxe5 Nc4 20. Rxa8 Rxa8 21. Nd3 Nd7 22. Nf1 c5 23. Nd2 Nd6 24. e5 Nf5 25. f4 c4 26. Nb4 Nc5 27. b3 cxb3 28. Nxb3 Bf8 29. g4 Nh4 30. Kf2 Rc8 31. Na5 Ba8 32. Kg3 Ne6 33. Kxh4 Rxc3 34. Nac6 Bxc6 35. Nxc6 Rxc6 36. Be4 Rc3 37. Bd2 Bc5 38. Re2 Be7+ 39. g5 Ra3 40. Kg4 h5+ 41. Kh4 Ng7 42. Bc1 Rc3 43. Bd2 Rf3 44. e6 Bc5 45. Be1 Rxf4+ 46. Kg3 Nxe6 47. Bxg6 h4+ 48. Kg2 Nxg5 49. Bd3 Ne6 50. Bxb5 Rf5 51. Bd2 Bb4 52. Bxb4 Rxb5 53. Re4 Rg5+ 54. Kh2 Rh5 55. Rg4+ Kh7 56. Be7 f5 57. Rxh4 Rxh4 58. Bxh4 Kg6 59. Kg3 Ng5 60. Bxg5 Kxg5 1/2-1/2

[Event "New Delhi Parsvnath op 9th"]
[Site "New Delhi"]
[Date "2011.01.10"]
[Round "4"]
[White "Imocha, Laisram"]
[Black "Rathore, Sonakshi"]
[Result "1/2-1/2"]
[WhiteElo "2210"]
[BlackElo "1988"]
[PlyCount "64"]
[EventDate "2011.01.08"]
[EventType "swiss"]
[EventRounds "11"]
[EventCountry "IND"]
[SourceTitle "CBM 140 Extra"]
[Source "ChessBase"]
[SourceDate "2011.03.01"]
[SourceVersion "1"]
[SourceVersionDate "2011.03.01"]
[SourceQuality "1"]

1. d4 Nf6 2. Nf3 e6 3. g3 b6 4. Bg2 Bb7 5. 0-0 c5 6. c3 Be7 7. Nbd2 d6 8. Re1 Nbd7 9. e4 cxd4 10. cxd4 0-0 11. b3 Rc8 12. Bb2 Qc7 13. Qe2 Qb8 14. Ba3 Rfe8 15. Rac1 Bf8 16. Nh4 Rxc1 17. Rxc1 Rc8 18. Qd1 Qa8 19. Rxc8 Qxc8 20. Bb2 d5 21. e5 Ne4 22. Bxe4 dxe4 23. Ng2 Bd5 24. Ne3 Qa6 25. Qb1 Qe2 26. Bc3 b5 27. Qf1 Qxf1+ 28. Kxf1 f6 29. exf6 gxf6 30. Ke2 Bd6 31. Ndf1 Bb7 32. g4 Kf7 1/2-1/2

[Event "New Delhi Parsvnath op 9th"]
[Site "New Delhi"]
[Date "2011.01.10"]
[Round "5"]
[White "Sundararajan, Kidambi"]
[Black "Imocha, Laisram"]
[Result "1-0"]
[WhiteElo "2449"]
[BlackElo "2210"]
[PlyCount "69"]
[EventDate "2011.01.08"]
[EventType "swiss"]
[EventRounds "11"]
[EventCountry "IND"]
[SourceTitle "CBM 140 Extra"]
[Source "ChessBase"]
[SourceDate "2011.03.01"]
[SourceVersion "1"]
[SourceVersionDate "2011.03.01"]
[SourceQuality "1"]

1. d4 Nf6 2. c4 g6 3. Nc3 Bg7 4. e4 d6 5. Bd3 0-0 6. Nge2 Nc6 7. 0-0 e5 8. d5 Ne7 9. Ng3 Bd7 10. Bc2 a6 11. a4 Rb8 12. a5 c5 13. Bd2 h5 14. Ra3 h4 15. Nge2 Nh5 16. Na4 Nc8 17. b4 cxb4 18. Bxb4 f5 19. exf5 gxf5 20. c5 f4 21. Nd4 Nf6 22. Nf5 e4 23. Nxg7 Kxg7 24. Nc3 Bf5 25. Qd4 Re8 26. f3 dxc5 27. Bxc5 Nd6 28. fxe4 Bxe4 29. Bxd6 Qxd6 30. Nxe4 Rxe4 31. Bxe4 Qxa3 32. Rxf4 Rf8 33. d6 Qxa5 34. d7 Qc7 35. Rxf6 1-0

[Event "Bhubaneswar op 2nd"]
[Site "Bhubaneswar"]
[Date "2010.05.23"]
[Round "3"]
[White "Imocha, Laisram"]
[Black "Neelotpal, Das"]
[Result "0-1"]
[WhiteElo "2185"]
[BlackElo "2453"]
[PlyCount "84"]
[EventDate "2010.05.22"]
[EventType "swiss"]
[EventRounds "11"]
[EventCountry "IND"]
[SourceTitle "CBM 136 Extra"]
[Source "ChessBase"]
[SourceDate "2010.07.02"]
[SourceVersion "2"]
[SourceVersionDate "2010.07.15"]
[SourceQuality "1"]

1. d4 d5 2. Nf3 Nf6 3. g3 Bf5 4. Bg2 e6 5. 0-0 h6 6. c4 c6 7. Nc3 Be7 8. Ne5 0-0 9. a4 Nbd7 10. f4 Bh7 11. c5 a5 12. Kh1 Rc8 13. g4 Nxe5 14. fxe5 Nd7 15. e4 b6 16. exd5 cxd5 17. cxb6 Qxb6 18. Rg1 Rc4 19. Nb5 Bc2 20. Qf3 Bxa4 21. b3 Rxc1 22. bxa4 Nxe5 23. Raxc1 Nxf3 24. Bxf3 Qb8 25. Bg2 Rc8 26. Rb1 Qf4 27. Rbf1 Qg5 28. h3 Rc2 29. Rb1 Qd2 30. Rbd1 Qe2 31. Rde1 Qc4 32. Ra1 Qb4 33. Rgb1 Qd2 34. Rg1 Bh4 35. Rad1 Qe2 36. Na3 Ra2 37. Nb1 Qe3 38. Rc1 Rxa4 39. Rc8+ Kh7 40. Rc7 Qf4 41. Ra7 Ra2 42. Nc3 Rxg2 0-1

[Event "New Delhi Parsvnath op 8th"]
[Site "New Delhi"]
[Date "2010.01.15"]
[Round "3"]
[White "Zubarev, Alexander2"]
[Black "Imocha, Laisram"]
[Result "1-0"]
[WhiteElo "2544"]
[BlackElo "2198"]
[PlyCount "67"]
[EventDate "2010.01.14"]
[EventType "swiss"]
[EventRounds "11"]
[EventCountry "IND"]
[SourceTitle "CBM 134 Extra"]
[Source "ChessBase"]
[SourceDate "2010.03.03"]
[SourceVersion "1"]
[SourceVersionDate "2010.03.03"]
[SourceQuality "1"]

1. e4 e6 2. Nf3 d5 3. Nc3 Nf6 4. e5 Nfd7 5. d4 Bb4 6. a3 Be7 7. Ne2 b6 8. Nf4 g6 9. c4 c6 10. h4 Na6 11. cxd5 cxd5 12. Be3 Bb7 13. Bd3 Nab8 14. Rc1 a6 15. Nh2 b5 16. h5 g5 17. Nh3 Nb6 18. 0-0 Nc4 19. b3 Nxe3 20. fxe3 Bxa3 21. Rc2 Nc6 22. Rcf2 Qe7 23. h6 Nb4 24. Rxf7 Qxf7 25. Rxf7 Kxf7 26. Qf3+ Ke7 27. Qf6+ Kd7 28. Qf7+ Kc8 29. Bxh7 Kb8 30. Nxg5 Bc8 31. Qg7 Rd8 32. Bg8 Ra7 33. Nf7 Rdd7 34. h7 1-0

[Event "New Delhi Parsvnath op 8th"]
[Site "New Delhi"]
[Date "2010.01.14"]
[Round "2"]
[White "Imocha, Laisram"]
[Black "Laxman, Rajaram"]
[Result "1/2-1/2"]
[WhiteElo "2198"]
[BlackElo "2503"]
[PlyCount "98"]
[EventDate "2010.01.14"]
[EventType "swiss"]
[EventRounds "11"]
[EventCountry "IND"]
[SourceTitle "CBM 134 Extra"]
[Source "ChessBase"]
[SourceDate "2010.03.03"]
[SourceVersion "1"]
[SourceVersionDate "2010.03.03"]
[SourceQuality "1"]

1. d4 Nf6 2. Nf3 e6 3. g3 b5 4. Bg2 Bb7 5. 0-0 c5 6. c3 d5 7. Ne5 Nc6 8. Bg5 Be7 9. Nxc6 Bxc6 10. Nd2 Nd7 11. Bxe7 Qxe7 12. e4 dxe4 13. Nxe4 0-0 14. dxc5 Nxc5 15. Nf6+ Qxf6 16. Bxc6 Rab8 17. Qe2 a6 18. Rac1 Rbc8 19. Bg2 Rfe8 20. Rc2 e5 21. b4 Na4 22. Rfc1 Qe7 23. Qe3 Qd6 24. Bf1 Red8 25. a3 Nb6 26. c4 bxc4 27. Bxc4 Nxc4 28. Rxc4 Rxc4 29. Rxc4 Qd1+ 30. Kg2 Qd5+ 31. Qe4 Qxe4+ 32. Rxe4 f6 33. Rc4 Rd3 34. a4 Rb3 35. a5 Kf7 36. h4 Kg6 37. Rc6 Rxb4 38. Rxa6 Ra4 39. Ra7 Ra3 40. a6 h5 41. Ra8 Kf5 42. Ra7 g6 43. Ra8 e4 44. a7 Ra2 45. Kh3 Ra1 46. Kg2 Ra3 47. Kf1 Ra2 48. Ke1 Ra1+ 49. Ke2 Ra3 1/2-1/2

[Event "IND-ch Velammal 45th"]
[Site "Chennai"]
[Date "2008.02.05"]
[Round "3"]
[White "Ravi, Thandalam Shanmugam"]
[Black "Imocha, Laisram"]
[Result "1-0"]
[WhiteElo "2339"]
[BlackElo "2240"]
[PlyCount "87"]
[EventDate "2008.02.03"]
[EventType "swiss"]
[EventRounds "13"]
[EventCountry "IND"]
[SourceTitle "CBM 122 Extra"]
[Source "ChessBase"]
[SourceDate "2008.03.04"]
[SourceVersion "1"]
[SourceVersionDate "2008.03.04"]
[SourceQuality "1"]

1. e4 e6 2. d4 d5 3. Nd2 Nf6 4. e5 Nfd7 5. f4 c5 6. c3 Nc6 7. Ndf3 Qb6 8. a3 c4 9. Qc2 Ndb8 10. g3 Na5 11. Be3 Bd7 12. Nd2 Nbc6 13. Ngf3 Ne7 14. Bf2 h6 15. Be2 Bc6 16. Kf1 a6 17. Kg2 Qc7 18. h3 Bd7 19. Rae1 g6 20. g4 Bg7 21. Bh4 Bc6 22. Nf1 0-0-0 23. Ne3 Rhg8 24. Rhg1 Rde8 25. Kh1 Qd7 26. Rg3 g5 27. fxg5 Ng6 28. gxh6 Bxh6 29. Ng2 Nb3 30. Bf6 Ba4 31. Qb1 Nd2 32. Nxd2 Bxd2 33. Rf1 Bh6 34. g5 Bg7 35. Bh5 Ref8 36. Bxg6 fxg6 37. Rgf3 Rf7 38. Qxg6 Qe8 39. Qb1 Bf8 40. Nf4 Rc7 41. Kh2 Qd7 42. R3f2 Rc6 43. h4 Rb6 44. h5 1-0

[Event "Commonwealth-ch"]
[Site "New Delhi"]
[Date "2007.12.05"]
[Round "5"]
[White "Mohineesh, CH."]
[Black "Imocha, Laisram"]
[Result "0-1"]
[WhiteElo "1925"]
[BlackElo "2272"]
[PlyCount "76"]
[EventDate "2007.12.03"]
[EventType "swiss"]
[EventRounds "10"]
[EventCountry "IND"]
[SourceTitle "CBM 121 Extra"]
[Source "ChessBase"]
[SourceDate "2008.01.10"]
[SourceVersion "1"]
[SourceVersionDate "2008.01.10"]
[SourceQuality "1"]

1. Nf3 d5 2. d4 Nf6 3. e3 e6 4. Bd3 Bd6 5. 0-0 Nbd7 6. Nbd2 0-0 7. c3 e5 8. e4 exd4 9. cxd4 dxe4 10. Nxe4 Nxe4 11. Bxe4 Nf6 12. Bc2 h6 13. Qd3 Re8 14. Bd2 Be6 15. Rfe1 c6 16. Bc3 Bc7 17. Ne5 Qd6 18. Re3 Bd5 19. Rae1 Re6 20. f4 Bb6 21. g4 Rae8 22. Rg3 c5 23. g5 hxg5 24. Rxg5 cxd4 25. Bd2 Ne4 26. Rxe4 Bxe4 27. Qg3 d3+ 28. Kf1 g6 29. Bb3 Bd5 30. Nxf7 Kxf7 31. Bxd5 Kf8 32. Bxe6 Rxe6 33. Qh3 Qd4 34. Rg2 Rf6 35. Qh8+ Ke7 36. Qg7+ Kd6 37. Qh6 Qe4 38. Bb4+ Kc6 0-1

[Event "IND-chB 45th"]
[Site "Dindigul"]
[Date "2007.06.19"]
[Round "12"]
[White "Imocha, Laisram"]
[Black "Abhishek, Das"]
[Result "1-0"]
[WhiteElo "2261"]
[BlackElo "2321"]
[PlyCount "159"]
[EventDate "2007.06.11"]
[EventType "swiss"]
[EventRounds "12"]
[EventCountry "IND"]
[SourceTitle "CBM 119 Extra"]
[Source "ChessBase"]
[SourceDate "2007.09.04"]
[SourceVersion "1"]
[SourceVersionDate "2007.09.04"]
[SourceQuality "1"]

1. d4 d5 2. Nf3 e6 3. c4 Nf6 4. g3 Be7 5. Bg2 0-0 6. 0-0 c6 7. Nbd2 Nbd7 8. Qc2 b6 9. Rd1 Bb7 10. e4 dxc4 11. Nxc4 c5 12. Ng5 h6 13. Nh3 cxd4 14. e5 Bxg2 15. Kxg2 Nd5 16. Rxd4 f5 17. Nf4 Nxf4+ 18. Bxf4 Qc7 19. Rad1 Rfd8 20. Qe2 g5 21. Bc1 b5 22. Nd6 Bxd6 23. Rxd6 Nc5 24. Qxb5 Ne4 25. Rd7 Rxd7 26. Rxd7 Qb6 27. Qxb6 axb6 28. Rb7 Nc5 29. Rxb6 Rxa2 30. Be3 Nd3 31. Bd4 Ne1+ 32. Kf1 Nf3 33. Bc3 Kf7 34. Rb7+ Ke8 35. Rh7 g4 36. Rxh6 Kd7 37. Ke2 Ra4 38. h4 Re4+ 39. Kd1 Nxe5 40. Rh7+ Kc6 41. h5 Nd3 42. h6 Nxf2+ 43. Kc1 f4 44. gxf4 g3 45. Rg7 Rxf4 46. Rxg3 Rh4 47. Bg7 e5 48. Rg2 Nd3+ 49. Kb1 Nb4 50. b3 Rh3 51. Kb2 Nd3+ 52. Kb1 Kb5 53. Rg4 Rh2 54. Ka1 Nc5 55. Rg3 e4 56. Re3 Kb4 57. Bf8 Kb5 58. Kb1 Rh4 59. Rg3 Rh1+ 60. Kc2 Ne6 61. Bg7 Nf4 62. Rg5+ Kc6 63. Re5 Rh2+ 64. Kd1 Rh1+ 65. Kd2 Nh5 66. Rxe4 Nxg7 67. hxg7 Rg1 68. Re6+ Kb5 69. Re7 Rg2+ 70. Kc1 Rg3 71. Kc2 Kc5 72. Rf7 Kd4 73. b4 Kc4 74. Rb7 Rg2+ 75. Kd1 Kd3 76. Ke1 Ke3 77. Kf1 Rg5 78. b5 Kd4 79. Kf2 Ke4 80. b6 1-0

[Event "IND-chB 45th"]
[Site "Dindigul"]
[Date "2007.06.13"]
[Round "4"]
[White "Ashwin, Jayaram"]
[Black "Imocha, Laisram"]
[Result "1-0"]
[WhiteElo "2399"]
[BlackElo "2261"]
[PlyCount "113"]
[EventDate "2007.06.11"]
[EventType "swiss"]
[EventRounds "12"]
[EventCountry "IND"]
[SourceTitle "CBM 119 Extra"]
[Source "ChessBase"]
[SourceDate "2007.09.04"]
[SourceVersion "1"]
[SourceVersionDate "2007.09.04"]
[SourceQuality "1"]

1. d4 Nf6 2. c4 e6 3. Nf3 b6 4. g3 Bb7 5. Bg2 d5 6. Ne5 Bb4+ 7. Nc3 0-0 8. 0-0 Bxc3 9. bxc3 Ne4 10. Qc2 Nd7 11. cxd5 exd5 12. c4 Nxe5 13. dxe5 f5 14. exf6 Qxf6 15. Bb2 Qg6 16. Rac1 c5 17. f3 Nf6 18. Qxg6 hxg6 19. f4 Rad8 20. Rfd1 Rfe8 21. Bxf6 gxf6 22. Rc2 Rd6 23. Kf2 Kf8 24. cxd5 f5 25. g4 Kf7 26. g5 Ba6 27. h4 Bb5 28. Rdd2 c4 29. Bf3 Rc8 30. Rc3 Rc5 31. h5 gxh5 32. Bxh5+ Kg7 33. Bf3 Bc6 34. Rdc2 Ba4 35. Rc1 b5 36. e4 fxe4 37. Bxe4 Rcxd5 38. Bxd5 Rxd5 39. Ke3 a5 40. Ra3 Bd1 41. Ke4 Rd2 42. Rxa5 Ba4 43. Rxc4 bxc4 44. Rxa4 c3 45. Rc4 Rxa2 46. Rxc3 Kg6 47. Rc6+ Kf7 48. Kf5 Ra5+ 49. Kg4 Ra4 50. g6+ Kg7 51. Kg5 Ra1 52. Rc7+ Kg8 53. f5 Ra5 54. Kh6 Rxf5 55. Rc8+ Rf8 56. Rxf8+ Kxf8 57. Kh7 1-0

[Event "New Delhi Parsvnath op 4th"]
[Site "New Delhi"]
[Date "2006.01.15"]
[Round "2"]
[White "Imocha, Laisram"]
[Black "Chernyshov, Konstantin"]
[Result "0-1"]
[WhiteElo "2257"]
[BlackElo "2539"]
[PlyCount "120"]
[EventDate "2006.01.15"]
[EventType "swiss"]
[EventRounds "10"]
[EventCountry "IND"]
[SourceTitle "CBM 110 Extra"]
[Source "ChessBase"]
[SourceDate "2006.03.10"]
[SourceVersion "2"]
[SourceVersionDate "2006.03.10"]
[SourceQuality "1"]

1. d4 Nf6 2. Nf3 e6 3. c4 b6 4. g3 Bb7 5. Bg2 Be7 6. Nc3 0-0 7. 0-0 Na6 8. a3 Ne4 9. Qc2 Nxc3 10. Qxc3 Be4 11. Bf4 c6 12. Rfd1 Nc7 13. Rac1 Ne8 14. Bh3 Bd6 15. Qe3 Bxf3 16. Qxf3 Qf6 17. Bg2 Bxf4 18. Qxf4 Qxf4 19. gxf4 Nf6 20. Rc3 Rab8 21. Bf3 b5 22. d5 bxc4 23. dxc6 d5 24. e4 dxe4 25. Be2 Nd5 26. Rxc4 Rxb2 27. Bf1 e3 28. c7 exf2+ 29. Kh1 Rc8 30. f5 Kf8 31. fxe6 fxe6 32. Re4 Rxc7 33. Rxe6 Re7 34. Rxe7 Nxe7 35. Rd8+ Kf7 36. Bc4+ Kf6 37. Rd6+ Kg5 38. Kg2 Nf5 39. Rd3 f1Q+ 40. Kxf1 Kf4 41. Kg1 Ne3 42. Bd5 Rb1+ 43. Kf2 Ng4+ 44. Kg2 Rb2+ 45. Kg1 Nxh2 46. Bc6 Ng4 47. Rf3+ Ke5 48. Rf7 Rb1+ 49. Kg2 Ne3+ 50. Kh2 Rb6 51. Ba8 Rh6+ 52. Kg1 Rg6+ 53. Kf2 Ng4+ 54. Ke2 a6 55. Ra7 Kd4 56. Kd2 Ne5 57. a4 h5 58. Bb7 Nc4+ 59. Ke2 Re6+ 60. Kf2 Re7 0-1

[Event "IND-chB"]
[Site "Jamshedpur"]
[Date "2000.10.11"]
[Round "2"]
[White "Koshy, Varugeese"]
[Black "Imocha, Laisram"]
[Result "1/2-1/2"]
[WhiteElo "2381"]
[BlackElo "2212"]
[PlyCount "150"]
[EventDate "2000.10.??"]
[EventType "swiss"]
[EventRounds "13"]
[EventCountry "IND"]
[SourceTitle "EXT 2002"]
[Source "ChessBase"]
[SourceDate "2001.11.25"]
[SourceVersion "1"]
[SourceVersionDate "2001.11.25"]
[SourceQuality "1"]

1. c4 Nf6 2. g3 e6 3. Bg2 d5 4. Nf3 c5 5. cxd5 Nxd5 6. 0-0 Nc6 7. Nc3 Be7 8. Nxd5 Qxd5 9. d3 0-0 10. Be3 Qd8 11. Rc1 Qa5 12. a3 e5 13. Qc2 Nd4 14. Bxd4 exd4 15. Nd2 Rb8 16. Nb3 Qb6 17. Nxc5 Bxc5 18. Qxc5 Qxb2 19. Rc2 Qb3 20. Bd5 Qa4 21. Rc4 Qe8 22. Re1 b6 23. Qxd4 Qe7 24. Qc3 Qd6 25. e4 Ba6 26. Rc7 Rbc8 27. Bxf7+ Kh8 28. Rxc8 Rxc8 29. Qb3 Qxd3 30. Qxd3 Bxd3 31. e5 g6 32. Bd5 Kg7 33. f4 Bf5 34. Be4 Be6 35. Kf2 Kf8 36. Re2 Rc4 37. h4 a5 38. Re3 b5 39. h5 Kg7 40. hxg6 hxg6 41. Kf3 Rc1 42. Rd3 a4 43. Bd5 Bxd5+ 44. Rxd5 Rc3+ 45. Kg4 Rxa3 46. Rxb5 Rb3 47. Ra5 a3 48. Ra7+ Kh6 49. Ra4 Re3 50. Kh4 Rf3 51. Ra7 Re3 52. Ra4 Rf3 53. Ra6 Kg7 54. Rb6 Rf1 55. Rb7+ Kh6 56. Ra7 Rf3 57. Ra4 Re3 58. g4 g5+ 59. fxg5+ Kg6 60. Ra6+ Kg7 61. e6 a2 62. Rxa2 Rxe6 63. Kh5 Re7 64. Ra5 Rb7 65. g6 Rc7 66. Rf5 Rc1 67. Rf7+ Kg8 68. Ra7 Rh1+ 69. Kg5 Rb1 70. g7 Rb5+ 71. Kh6 Rb6+ 72. Kh5 Rb5+ 73. g5 Rc5 74. Kh6 Rc6+ 75. g6 Rxg6+ 1/2-1/2

[Event "Goodricke op 11th"]
[Site "Kolkata"]
[Date "2000.02.11"]
[Round "6"]
[White "Imocha, Laisram"]
[Black "Collas, Didier"]
[Result "1-0"]
[WhiteElo "2210"]
[BlackElo "2365"]
[PlyCount "99"]
[EventDate "2000.02.05"]
[EventType "swiss"]
[EventRounds "11"]
[EventCountry "IND"]
[SourceTitle "CBM 074 Extra"]
[Source "ChessBase"]
[SourceDate "2000.03.10"]
[SourceVersion "2"]
[SourceVersionDate "2000.03.10"]
[SourceQuality "1"]

1. d4 Nf6 2. c4 g6 3. Nf3 Bg7 4. g3 d5 5. Bg2 0-0 6. 0-0 dxc4 7. Na3 Nc6 8. Nxc4 Be6 9. b3 Bd5 10. Bb2 a5 11. Re1 h6 12. Rc1 a4 13. bxa4 Ra6 14. Nfe5 Bxg2 15. Kxg2 Qd5+ 16. f3 Rfa8 17. e4 Qd8 18. Nxc6 Rxc6 19. Re2 e6 20. Qb3 Ra7 21. a5 Ne8 22. d5 Rca6 23. dxe6 Rxe6 24. Rd1 Nd6 25. Ba3 Bf8 26. Red2 Qg5 27. Rd5 Nxc4 28. Rxg5 Nxa3 29. Rd8 hxg5 30. Qxa3 Rd6 31. Rxf8+ Kxf8 32. e5 Rxa5 33. Qxa5 Ra6 34. Qxc7 Rxa2+ 35. Kh3 g4+ 36. Kxg4 Rxh2 37. Qxb7 Rh5 38. Qc8+ Kg7 39. Qd7 Rxe5 40. Qd4 f6 41. Qd7+ Kg8 42. f4 Re1 43. Qa7 Re8 44. Qc7 Re1 45. Qd7 Re3 46. Qd4 f5+ 47. Kg5 Rxg3+ 48. Kf6 Kh7 49. Kf7 Kh6 50. Qh8# 1-0

[Event "Goodricke op 11th"]
[Site "Kolkata"]
[Date "2000.02.10"]
[Round "5"]
[White "Reefat, Bin Sattar"]
[Black "Imocha, Laisram"]
[Result "1-0"]
[WhiteElo "2379"]
[BlackElo "2210"]
[PlyCount "63"]
[EventDate "2000.02.05"]
[EventType "swiss"]
[EventRounds "11"]
[EventCountry "IND"]
[SourceTitle "CBM 074 Extra"]
[Source "ChessBase"]
[SourceDate "2000.03.10"]
[SourceVersion "2"]
[SourceVersionDate "2000.03.10"]
[SourceQuality "1"]

1. e4 e6 2. d3 c5 3. g3 Nc6 4. Bg2 d5 5. Nd2 Nf6 6. Ngf3 e5 7. 0-0 dxe4 8. dxe4 Bg4 9. h3 Be6 10. c3 h6 11. Qe2 Be7 12. Nc4 Qb8 13. Nh4 g6 14. Ne3 Qc8 15. Kh2 Nh7 16. Nf3 Ng5 17. Ng1 h5 18. f4 Nh7 19. f5 Bd7 20. Nd5 h4 21. g4 gxf5 22. exf5 Bd6 23. Bh6 Rg8 24. Rad1 Bb8 25. Be4 Qd8 26. f6 Nf8 27. Nf3 Ng6 28. Bg7 Be6 29. Ne7 Qxd1 30. Rxd1 Ngxe7 31. fxe7 Rxg7 32. Qb5 1-0

[Event "Goodricke op 07th"]
[Site "Kolkata"]
[Date "1996.??.??"]
[Round "3"]
[White "Imocha, Laisram"]
[Black "Bakre, Tejas"]
[Result "1/2-1/2"]
[WhiteElo "2300"]
[BlackElo "2170"]
[PlyCount "92"]
[EventDate "1996.02.??"]
[EventType "swiss"]
[EventRounds "11"]
[EventCountry "IND"]
[SourceTitle "CBM 050 Extra"]
[Source "ChessBase"]
[SourceDate "1996.03.01"]
[SourceVersion "1"]
[SourceVersionDate "1996.03.01"]
[SourceQuality "1"]

1. d4 Nf6 2. c4 e6 3. Nf3 b6 4. g3 Ba6 5. b3 Bb4+ 6. Bd2 Be7 7. Bg2 c6 8. Nc3 d5 9. Ne5 Nfd7 10. Nxd7 Nxd7 11. cxd5 exd5 12. 0-0 0-0 13. Re1 Bf6 14. Bf4 Be7 15. e4 Bb4 16. Qd2 dxe4 17. a3 Bxc3 18. Qxc3 f5 19. Qxc6 Nf6 20. Qe6+ Rf7 21. Qxf5 Bd3 22. Qe6 Qxd4 23. Be5 Qd7 24. Qxd7 Nxd7 25. Bxe4 Bxe4 26. Rxe4 Rf3 27. Bd4 Rxb3 28. Rg4 g6 29. Re1 Rf8 30. Re7 Rf7 31. Re8+ Rf8 32. Re3 Rxe3 33. fxe3 Nf6 34. Rf4 Nd5 35. Re4 Kf7 36. Re5 Nc7 37. Kf2 Re8 38. Rxe8 Nxe8 39. Kf3 Ke6 40. Kf4 Nd6 41. e4 Nf7 42. h4 Kd6 43. h5 Kc6 44. hxg6 hxg6 45. Be3 Kd6 46. Bd4 Ke6 1/2-1/2